000 00472cam a2200181ua 4500
001 3677
008 111128n ii |||gr||||Z||||||asm
040 _cMAIN
082 _a891.4514
100 1 _aKakoty, Dambaru,
_eEditor.,
245 1 1 _aSahitya savskriti saurebh
_ced. by Dambaru Kakoty
250 _a1st.
260 _aJorhat:
_bKrishna Kumar Misra,993.
300 _a306p:
_c23cm.
653 _aAssamese literature
653 _aSahitya savskriti saurebh
942 _cBK
999 _c3506
_d3506